|
|
|
|
| LEADER |
00000nam0a2200000 4500 |
| 001 |
372791 |
| 005 |
20241014133308.0 |
| 035 |
|
|
|a (RuTPU)RU\TPU\retro\30216
|
| 035 |
|
|
|a RU\TPU\book\241290
|
| 090 |
|
|
|a 372791
|
| 100 |
|
|
|a 20221215d1986 m y0rusy50 ca
|
| 101 |
0 |
|
|a rus
|
| 102 |
|
|
|a RU
|
| 105 |
|
|
|a a z 001yy
|
| 200 |
1 |
|
|a Модернизм
|e критический очерк
|f Н. Я. Малахов
|g под ред. В. В. Ванслова
|
| 210 |
|
|
|a Москва
|c Изобразительное искусство
|d 1986
|
| 215 |
|
|
|a 152 с.
|c ил.
|
| 320 |
|
|
|a Библиогр.: с. 148.
|
| 330 |
|
|
|a Книга посвящена критическому анализу модернистских направлений в буржуазном искусстве XX века. Автор рассматривает период от возникновения кубизма до последних проявлений модернизма в странах Запада, вскрывает социальные корни этого явления, исследует его философские и психологические предпосылки. Книга содержит 46 цветных и тоновых иллюстраций.
|
| 606 |
1 |
|
|a Модернизм
|2 stltpush
|3 (RuTPU)RU\TPU\subj\44227
|9 63593
|
| 610 |
1 |
|
|a искусство
|
| 610 |
1 |
|
|a очерки
|
| 610 |
1 |
|
|a кубизм
|
| 610 |
1 |
|
|a футуризм
|
| 610 |
1 |
|
|a экспрессионизм
|
| 610 |
1 |
|
|a абстракционизм
|
| 610 |
1 |
|
|a сюрреализм
|
| 610 |
1 |
|
|a поп-арт
|
| 610 |
1 |
|
|a оп-арт
|
| 610 |
1 |
|
|a минимальное искусство
|
| 610 |
1 |
|
|a минимализм
|
| 610 |
1 |
|
|a гиперреализм
|
| 675 |
|
|
|a 7
|v 3
|
| 700 |
|
1 |
|a Малахов
|b Н. Я.
|g Николай Яковлевич
|
| 702 |
|
1 |
|a Ванслов
|b В. В.
|4 340
|
| 801 |
|
1 |
|a RU
|b 63413507
|c 20120907
|
| 801 |
|
2 |
|a RU
|b 63413507
|c 20221215
|g RCR
|
| 942 |
|
|
|c BK
|